What's In The Middle? #2 - Statistics

General Stats
  • This quiz has been taken 3,869 times
    3,855 since last reset
  • The average score is 13 of 21
Answer Stats
Hint Middle Hint % Correct
The Good The {Bad} The Ugly
97%
Father Son Holy Ghost
92%
Martin Luther King
88%
Earth Wind Fire
83%
Mongolia China Vietnam
80%
Arizona New Mexico Texas
80%
Snap Crackle Pop
77%
Star Spangled Banner
76%
George W. Bush Bill Clinton George H. W. Bush
71%
Love Marriage Baby Carriage
64%
Afghanistan Albania Algeria
61%
DRC Zambia Zimbabwe
60%
Huey Dewey Louie
54%
Heaven Purgatory Hell
54%
Peter Paul Mary
51%
Crosby Stills Nash
45%
Larry Moe Curly
43%
Lunes Martes Miercoles
38%
Libya Mediterranean Malta
36%
Epsilon Zeta Eta
33%
Clotho Lachesis Atropos
4%
No matching quizzes found
Score Distribution
Percent of People with Each Score
Percentile by Number Answered
Your Score History
You have not taken this quiz since the last reset